5HLuxD.jpg

KING HENRY VIII SENIOR AND PRIMARY SCHOOL LIBRARY OPAC

Frankenstein / (Record no. 152)

000 -LEADER
fixed length control field 01373cam a2200409Ia 4500
001 - CONTROL NUMBER
control field 53833382
003 - CONTROL NUMBER IDENTIFIER
control field OCoLC
005 - DATE AND TIME OF LATEST TRANSACTION
control field 20190729110535.0
008 - FIXED-LENGTH DATA ELEMENTS--GENERAL INFORMATION
fixed length control field 031204r20031981nyu b 000 1 eng d
020 ## - INTERNATIONAL STANDARD BOOK NUMBER
International Standard Book Number 0553212478 (pbk.)
020 ## - INTERNATIONAL STANDARD BOOK NUMBER
International Standard Book Number 9780553212471 (pbk.)
035 ## - SYSTEM CONTROL NUMBER
System control number (OCoLC)53833382
040 ## - CATALOGING SOURCE
Original cataloging agency DVA
Transcribing agency DVA
Modifying agency BTCTA
-- OCLCG
-- NYP
049 ## - LOCAL HOLDINGS (OCLC)
Holding library NYPP
082 ## - DEWEY DECIMAL CLASSIFICATION NUMBER
Classification number FIC SHE
091 ## - MICROFILM SHELF LOCATION (AM) [OBSOLETE]
Microfilm shelf location FIC
100 1# - MAIN ENTRY--PERSONAL NAME
Personal name Shelley, Mary Wollstonecraft,
Dates associated with a name 1797-1851.
Relator term author
245 10 - TITLE STATEMENT
Title Frankenstein /
Statement of responsibility, etc. Mary Shelley ; with an introduction by Diane Johnson.
250 ## - EDITION STATEMENT
Edition statement Bantam reissue ed.
260 ## - PUBLICATION, DISTRIBUTION, ETC.
Place of publication, distribution, etc. New York :
Name of publisher, distributor, etc. Bantam Dell,
Date of publication, distribution, etc. 2003, c1981.
300 ## - PHYSICAL DESCRIPTION
Extent xxx, 216 p. ;
Dimensions 18 cm.
500 ## - GENERAL NOTE
General note "Bantam classic."
504 ## - BIBLIOGRAPHY, ETC. NOTE
Bibliography, etc. note Includes bibliographical references (p. 214-216).
520 ## - SUMMARY, ETC.
Summary, etc. The story of Dr. Frankenstein and the obsessive experiment that leads to the creation of a monstrous and deadly creature.
600 00 - SUBJECT ADDED ENTRY--PERSONAL NAME
Personal name Frankenstein's Monster
Titles and other words associated with a name (Fictitious character)
Form subdivision Fiction.
600 10 - SUBJECT ADDED ENTRY--PERSONAL NAME
Personal name Frankenstein, Victor
Titles and other words associated with a name (Fictitious character)
Form subdivision Fiction.
650 #0 - SUBJECT ADDED ENTRY--TOPICAL TERM
Topical term or geographic name entry element Scientists
Form subdivision Fiction.
650 #0 - SUBJECT ADDED ENTRY--TOPICAL TERM
Topical term or geographic name entry element Monsters
Form subdivision Fiction.
655 #7 - INDEX TERM--GENRE/FORM
Genre/form data or focus term Horror fiction.
Source of term lcgft.
700 ## - ADDED ENTRY--PERSONAL NAME
Personal name Johnson, Diane
Relator term Writer of introduction
901 ## - LOCAL DATA ELEMENT A, LDA (RLIN)
a BTCLSD101213G
901 ## - LOCAL DATA ELEMENT A, LDA (RLIN)
a jmd
b CFT
c CATBL
901 ## - LOCAL DATA ELEMENT A, LDA (RLIN)
a MARS
908 14 - PUT COMMAND PARAMETER (RLIN)
Put command parameter PR5397
942 ## - ADDED ENTRY ELEMENTS (KOHA)
Source of classification or shelving scheme
Koha item type Books - Fiction
945 ## - LOCAL PROCESSING INFORMATION (OCLC)
a .o13360000
Holdings
Withdrawn status Lost status Source of classification or shelving scheme Damaged status Not for loan Collection code Permanent Location Current Location Shelving location Date acquired Total Checkouts Full call number Barcode Date last seen Date last checked out Price effective from Koha item type
          Fiction KH8 Senior School Library KH8 Senior School Library Fiction 2019-07-29 4 FIC SHE 3KHSL000101046 2026-02-27 2026-01-21 2019-07-29 Books - Fiction

Powered By KH8 IT Dept